00325nam a2200121Ia 4500008004100000082002100041100002100062245005000083250000800133260003300141300001000174650001900184150201s2003 xx 000 0 und d a616.0707bO2003R aREGEZI,JOSEPH A. aORALPATHOLOGY :CLINICAL PATHOLOGIC CORELATION a4TH bSAUNDERSaPHILADELPHIAc2003 a1-448 aORAL PATHOLOGY